000 00271nam a2200109Ia 4500
008 200302s9999 xx 000 0 und d
100 _aAdams Morioka & Other
245 _aColour Design Work Book
260 _bRockport Publishers Inc.,
260 _c2008
300 _a240 P.,
999 _c2596
_d2596